| 000 | 01464nam a2200337 c 4500 | ||
|---|---|---|---|
| 003 | BLK | ||
| 005 | 20221206153125.0 | ||
| 008 | 180411b bul|||||r ||||||| ||bul|| | ||
| 010 | _aKNG00190949000 | ||
| 040 | _aBLK | ||
| 041 |
_aBUL _cBUL |
||
| 080 |
_aАнатомия. Вж и 572 ; 591.4 ; 616.1/.9 ; 343.9 ; 743 _b611 _x(075.8) _z611(075.8) |
||
| 100 | 1 |
_aГълъбов, Георги Петров _9372176 |
|
| 700 | 1 |
_aМоров, Спиридон Тодоров _eсъавт. _9338573 |
|
| 700 | 1 |
_aКосев, Рачо Панайотов _eсъавт. _9383905 |
|
| 139 |
_aГълъбов, Георги Петров и др. _bГ 96 |
||
| 245 | 1 | 0 |
_aАнатомия на човека _bУчебник за ВИФ Г. Димитров : Ч. 1 - _cГеорги Петров Гълъбов; съавт. Спиридон Тодоров Моров; съавт. Рачо Панайотов Косев. _nЧ. 1 |
| 257 | _aBGR | ||
| 260 |
_аСофия _bМедицина и физкултура _c1957 - |
||
| 300 | _c25 см | ||
| 380 | _a61 | ||
| 650 | 4 |
_aАнатомия - учебници за ВУЗ _9241831 |
|
| 653 | _aанатомия | ||
| 653 | _aучебници за ВУЗ | ||
| 760 | 1 |
_aГълъбов, Георги Петров _d1957 _h347 с. : с ил. _tЧ. 1 |
|
| 852 | _aЦб 9178 | ||
| 856 | 4 |
_qpdf _u |
|
| 856 | 4 |
_qpdf _u |
|
| 942 |
_cKNG _n0 |
||
| 944 |
_aCR _c28.09.2016 _kКамелия_Данева |
||
| 944 |
_aED _c28.09.2016 _kКамелия_Данева |
||
| 999 |
_c182026 _d182026 |
||